<?xml version="1.0" encoding="UTF-8"?>
<record
    xmlns:xsi="http://www.w3.org/2001/XMLSchema-instance"
    xsi:schemaLocation="http://www.loc.gov/MARC21/slim http://www.loc.gov/standards/marcxml/schema/MARC21slim.xsd"
    xmlns="http://www.loc.gov/MARC21/slim">

  <leader>01430nam a22002657a 4500</leader>
  <controlfield tag="001">PE-LiUPU</controlfield>
  <controlfield tag="003">PE-LiUPU</controlfield>
  <controlfield tag="005">20240515174928.0</controlfield>
  <controlfield tag="008">240515b        |||||||| |||| 00| 0 spa d</controlfield>
  <datafield tag="020" ind1=" " ind2=" ">
    <subfield code="a">8782788307510</subfield>
  </datafield>
  <datafield tag="040" ind1=" " ind2=" ">
    <subfield code="a">PE-LiUPU</subfield>
    <subfield code="b">spa</subfield>
    <subfield code="c">PE-LiUPU</subfield>
    <subfield code="e">rda</subfield>
  </datafield>
  <datafield tag="082" ind1=" " ind2=" ">
    <subfield code="2">23</subfield>
    <subfield code="a">330.95195</subfield>
  </datafield>
  <datafield tag="245" ind1=" " ind2=" ">
    <subfield code="a">Corea como una econom&#xED;a del conocimiento :</subfield>
    <subfield code="b">Proceso evolutivo y ense&#xF1;anzas /</subfield>
  </datafield>
  <datafield tag="264" ind1=" " ind2=" ">
    <subfield code="a">Washington :</subfield>
    <subfield code="b">Banco Mundial ;</subfield>
    <subfield code="c">2008.</subfield>
  </datafield>
  <datafield tag="300" ind1=" " ind2=" ">
    <subfield code="a">216 p&#xE1;ginas :</subfield>
    <subfield code="b">ilustrado ;</subfield>
    <subfield code="c">23 cent&#xED;metros.</subfield>
  </datafield>
  <datafield tag="500" ind1=" " ind2=" ">
    <subfield code="a">Incluye pr&#xF3;logo, agradecimientos , siglas y abreviaturas al inicio del libro. Adem&#xE1;s de cuadros, gr&#xE1;ficos y recuadros.</subfield>
  </datafield>
  <datafield tag="504" ind1=" " ind2=" ">
    <subfield code="a">Incluye referencias.</subfield>
  </datafield>
  <datafield tag="505" ind1=" " ind2=" ">
    <subfield code="a">Introducci&#xF3;n -- Panorama del proceso de desarrollo coreano hasta 1997 -- Los retos para las estrategias de desarrollo de Corea -- Dise&#xF1;ar un nuevo marco estructural econ&#xF3;mico -- Tecnolog&#xED;as de informaci&#xF3;n y comunicaciones para una econom&#xED;a basada en el conocimiento- Alcanzar las habilidades y los recursos humanos necesarios -- Aprovechar el potencial de la ciencia y la tecnolog&#xED;a -- Evaluaci&#xF3;n y ense&#xF1;anza</subfield>
  </datafield>
  <datafield tag="650" ind1=" " ind2="0">
    <subfield code="a">Administraci&#xF3;n del conocimiento</subfield>
    <subfield code="z">Corea del Sur</subfield>
    <subfield code="9">4074</subfield>
  </datafield>
  <datafield tag="650" ind1=" " ind2="0">
    <subfield code="a">Industrias de alta tecnolog&#xED;a</subfield>
    <subfield code="z">Corea del Sur</subfield>
    <subfield code="9">4075</subfield>
  </datafield>
  <datafield tag="651" ind1=" " ind2="0">
    <subfield code="a">Corea del Sur</subfield>
    <subfield code="x">Pol&#xED;tica econ&#xF3;mica</subfield>
    <subfield code="y">1960-1988</subfield>
    <subfield code="9">4077</subfield>
  </datafield>
  <datafield tag="700" ind1=" " ind2=" ">
    <subfield code="a">Suh, Joonghae</subfield>
    <subfield code="e">editor</subfield>
    <subfield code="9">4079</subfield>
  </datafield>
  <datafield tag="700" ind1=" " ind2=" ">
    <subfield code="a">H.C. Chen, Derek.</subfield>
    <subfield code="e">editor.</subfield>
    <subfield code="9">4080</subfield>
  </datafield>
  <datafield tag="942" ind1=" " ind2=" ">
    <subfield code="2">ddc</subfield>
    <subfield code="c">BK</subfield>
    <subfield code="n">0</subfield>
  </datafield>
  <datafield tag="999" ind1=" " ind2=" ">
    <subfield code="c">62438</subfield>
    <subfield code="d">62437</subfield>
  </datafield>
  <datafield tag="980" ind1=" " ind2=" ">
    <subfield code="6">18228</subfield>
    <subfield code="a">Christian Lazo Analista Documental</subfield>
    <subfield code="8">18228</subfield>
    <subfield code="g">Christian Lazo Analista Documental</subfield>
  </datafield>
</record>
